00680nam a2200241 a 4500001001300000003000900013005001700022008004100039020001000080082001600090100002000106245003900126260002800165300000900193500003500202505001000237650002500247700002000272902000800292942000700300952011600307999001500423nice12345678IN_TiNIC20260116011839.0050524s1970 lona grp 000 0 eng  ac10000a201.65bGIL aGilkey, Langdon aReligion and the Scientific Future aLondonbSCM Pressc1970 a193p aincludes index and biblioraphy2 aNotes aReligion and Science1 aGilkey, Langdon bSRS cBK 001040708StackRoom-aHMIbHMId2011-04-06g100.00l0o201.65 GILp09122r2011-04-06v100.00w2005-05-24yBK c4407d4407